Culture and the state

Αποθηκεύτηκε σε:
Λεπτομέρειες βιβλιογραφικής εγγραφής
Κύριος συγγραφέας: Lloyd, David, 1955 December 20-
Άλλοι συγγραφείς: Thomas, Paul, 1943-
Μορφή: Βιβλίο
Γλώσσα:English
Δημοσίευση: New York : Routledge, c1998
Θέματα:
Ετικέτες: Προσθήκη ετικέτας
Δεν υπάρχουν, Καταχωρήστε ετικέτα πρώτοι!

MARC

LEADER 00000cam a2200000 i 4500
001 1/12847
008 001025s1998 eng d
020 |a 0-415-91103-6 
035 |l 10064373 
040 |a GR-MY-UA  |b gre  |e aacr 
041 0 |a eng 
082 0 |a 941.081 
100 1 |a Lloyd, David,   |d 1955 December 20- 
245 1 0 |a Culture and the state /  |c David Lloyd and Paul Thomas 
260 |a New York :   |b Routledge,   |c c1998 
300 |a 232 p. 
504 |a Includes index 
650 0 0 |a Culture  |x Political aspects  |z Great Britain. 
650 0 0 |a Art and state  |z Great Britain  |x History. 
651 0 |a Great Britain  |x Civilization  |y 19th century. 
651 0 |a Great Britain  |x Politics and government  |y 19th century. 
700 1 |a Thomas, Paul,   |d 1943- 
852 |a INST  |b LESVOS  |e 20001025  |h 941.081 LLO  |p 005100025493  |q 005100025493  |t BK  |y 0 
901 |a BIBL1-2000-3 
909 |a Λ  |b 080992 
970 |a ΤΖΑΦΕΡΗ  |b ΕΥΑΓΓΕΛΙΑ  |z 2000/10/25